LEADER 00474nab a2200133 i 4500 001 000000329528 003 CaOOAMICUS 005 20180831173621.0 008 180831n it uu u0 0ita r 013 $a41192 040 $aSeMil$bita 245 10$a"Devo occuparmi delle cose del Padre". - In [rubrica] :$bPrima pagina. 773 0 $t[MAGGIO 1994]. - 31 p.$gp.4-$w()291527 996 $6245$a"Devo occuparmi delle cose del Padre". - In [rubrica] :$bPrima pagina.$9(OLS)http://semarc/title/418011 LEADER 00416nab a2200145 i 4500 001 000000284342 003 CaOOAMICUS 005 20180831165253.0 008 180831n xx uu u0 0und r 013 $a37637 040 $aSeMil$bita 245 10$a[SENZA TITOLO]. 500 $aOttobre 1936, Anno 6. 773 0 $t1936 : gennaio-dicembre.$dTorino : SEI, 1936.$w()238998 996 $6245$a[SENZA TITOLO]$9(OLS)http://semarc/title/354609